Formula 1: circuit to country - Statistics

General Stats
  • This quiz has been taken 988 times
  • The average score is 15 of 18
Answer Stats
Circuit Country % Correct
Silverstone Circuit United Kingdom
100%
Suzuka Circuit Japan
95%
Circuit de Spa-Francorchamps Belgium
94%
Autodromo Nazionale Monza Italy
94%
Circuit Park Zandvoort Netherlands
93%
Red Bull Ring Austria
92%
Hockenheimring Germany
91%
Autódromo Hermanos Rodríguez Mexico
89%
Circuit Gilles Villeneuve Canada
88%
Circuit Paul Ricard France
82%
Marina Bay Street Circuit Singapore
80%
Autódromo José Carlos Pace Brazil
77%
Sepang International Circuit Malaysia
74%
Circuito de Jerez Spain
69%
Buddh International Circuit India
68%
Autódromo do Estoril Portugal
64%
Watkins Glen United States
64%
Kyalami Racing Circuit South Africa
57%
No matching quizzes found
Score Distribution
Percent of People with Each Score
Percentile by Number Answered
Your Score History
You have not taken this quiz